| 000 | 00559nam a22001937a 4500 | ||
|---|---|---|---|
| 999 |
_c526224 _d526224 |
||
| 003 | NUST | ||
| 005 | 20190709111607.0 | ||
| 008 | 190709b ||||| |||| 00| 0 eng d | ||
| 038 | _aMr. Zahoor | ||
| 082 | _a510 | ||
| 100 |
_aKouser, Farzana _917148 |
||
| 245 |
_aOn a Complex Differential Riccati Equation / _cFarzana Kouser |
||
| 260 |
_aIslamabad : _bCAMP - NUST, _c2012. |
||
| 300 |
_av, 49 p. : ill. ; _c30cm |
||
| 500 | _aHardcover. | ||
| 650 |
_aMathematics - Mphil Thesis _917180 |
||
| 700 |
_aProf. Muneer Ahmad Rashid _916920 |
||
| 942 |
_2ddc _cTHE |
||